00352nam a2200109Ia 4500008004100000082000800041100002100049245005200070942000600122952009900128999001500227240331s9999 xx 000 0 und d bWIC aWickramasinghe,N 0aCivil society in Sri Lanka new circles of power cL 001040708LaWERCLbWERCLcSSCd2024-03-31l0o 300.854 WICp6617r2024-03-31w2024-03-31yL c5380d5380